Technické výukové prostředky

Saved in:
Bibliographic Details
Main Author Rambousek, Vladimír, 1950- (Author)
Format Book
LanguageCzech
Published Praha : Státní pedagogické nakladatelství, 1989
Edition1. vyd.
Subjects
Physical Description302 s.

Cover

LEADER 00000cam a22000007a 4500
001 26702
003 CZ-ZlUTB
005 20190825235110.0
008 011001s1989 xr |||||r|||||||||||cze|d
040 |a ZLD002  |b cze  |c ZLD002  |d ZLD002 
072 7 |a 37  |x Výchova a vzdělávání  |2 Konspekt  |9 22 
080 |a 37.091.3  |2 MRF 
245 0 0 |a Technické výukové prostředky /  |c Vladimír Rambousek... [et al.] 
250 |a 1. vyd. 
260 |a Praha :  |b Státní pedagogické nakladatelství,  |c 1989 
300 |a 302 s. 
650 0 7 |a didaktika  |7 ph114316  |2 czenas 
650 0 4 |a POČÍTAČE 
650 0 4 |a projekce 
650 0 7 |a reprografie  |7 ph125145  |2 czenas 
650 0 7 |a televize  |7 ph126505  |2 czenas 
650 0 7 |a videorekordéry  |7 ph127094  |2 czenas 
650 0 7 |a vyučovací metody  |7 ph127294  |2 czenas 
650 0 7 |a zvukové dokumenty  |7 ph127701  |2 czenas 
700 1 |a Rambousek, Vladimír,  |d 1950-  |7 mzk2003213130  |4 aut 
910 |a ZLD002 
952 |0 0  |1 0  |4 0  |6 37RAMBOUSEKV  |7 0  |8 BOOK  |9 53617  |a UTBZL  |b UTBZL  |c 006  |d 2006-07-29  |l 18  |m 9  |o 37/RAMBOUSEK,V.  |p 420010089292  |q 2026-06-26  |r 2026-06-02 11:11:01  |s 2026-06-02  |w 2019-08-25  |x N:převod - Dům kultury | 20100831  |y 04 
952 |0 0  |1 0  |4 0  |6 37RAMBOUSEKV  |7 0  |8 BOOK  |9 53618  |a UTBZL  |b UTBZL  |c 030  |d 2006-07-29  |i 73752  |l 3  |o 37/RAMBOUSEK,V.  |p 420010073752  |r 2019-08-25 00:00:00  |v 36.00  |w 2019-08-25  |x 20100831  |y 05 
992 |a BK  |b SK  |d 13 
999 |c 26702  |d 26702